[Event "1st Grand Europe Open"]
[Site "Golden Sands BUL"]
[Date "2012.06.09"]
[Round "6.28"]
[White "Cheparinov, Ivan"]
[Black "Hassan, Abdullah"]
[Result "0-1"]
[WhiteTitle "GM"]
[BlackTitle "IM"]
[WhiteElo "2673"]
[BlackElo "2356"]
[WhiteFideId "2905540"]
[BlackFideId "9300481"]
[EventDate "2012.06.04"]
[EventType "swiss"]

1. d4 d5 2. c4 c6 3. Nf3 Nf6 4. e3 Bf5 5. Nc3 e6 6. Nh4 Be4 7. f3 Bg6 8. Qb3 Qb6
9. Nxg6 hxg6 10. Bd2 Nbd7 11. Be2 Be7 12. O-O-O a6 13. Qxb6 Nxb6 14. cxd5 cxd5
15. Kb1 Rc8 16. b3 O-O 17. Kb2 Rc6 18. Bd3 Rfc8 19. Ne2 Nbd7 20. g4 e5 21. Ng3
exd4 22. exd4 Nf8 23. h4 Ne6 24. Ne2 Bd8 25. Rc1 Rxc1 26. Bxc1 Bb6 27. Be3 Nd7
28. f4 Nf6 29. Rg1 Re8 30. Rg2 Nd8 31. Bg1 Nc6 32. a3 Ne4 33. f5 g5 34. h5 Nd2
35. Nc3 Nf3 36. Nxd5 Bxd4+ 37. Bxd4 Ncxd4 38. f6 Re5 39. Ne7+ Kf8 40. fxg7+ Kxg7
41. Nf5+ Nxf5 42. Bxf5 Nh4 43. h6+ Kh8 44. Rf2 Nxf5 45. gxf5 Kh7 46. Kc3 Kxh6
47. Kd4 Rb5 48. a4 Rxb3 49. Ke5 Kg7 0-1

[Event "1st Grand Europe Open"]
[Site "Golden Sands BUL"]
[Date "2012.06.09"]
[Round "6.29"]
[White "Bulmaga, Irina"]
[Black "Mekhitarian, Krikor Sevag"]
[Result "0-1"]
[WhiteTitle "WIM"]
[BlackTitle "GM"]
[WhiteElo "2370"]
[BlackElo "2531"]
[WhiteFideId "13903063"]
[BlackFideId "2107660"]
[EventDate "2012.06.04"]
[EventType "swiss"]

1. e4 d6 2. d4 Nf6 3. Bd3 e5 4. c3 d5 5. dxe5 Nxe4 6. Nf3 Nc6 7. Nbd2 Nc5 8. Bb1
Bg4 9. b4 Ne6 10. Qa4 Bh5 11. O-O Be7 12. Bf5 a6 13. Bxe6 fxe6 14. Nd4 b5 15.
Qc2 Bg6 16. Qd1 Nxd4 17. cxd4 Bxb4 18. Nb3 Bc3 19. Qg4 Qc8 20. Ba3 Bxa1 21. Rc1
Kf7 22. Qf4+ Kg8 23. Na5 h6 24. Rxa1 Kh7 25. Bb4 Qd7 26. Rc1 Qf7 27. Qe3 Rad8
28. a3 Qf5 29. h3 Rd7 30. Rc6 Rf7 31. Nb3 Qb1+ 32. Rc1 Qd3 33. Qxd3 Bxd3 34. Rc6
Bc4 35. Na5 Re8 36. Rxa6 Rf4 37. Nc6 Re4 38. Ra7 Rc8 39. Rb7 Bd3 40. Bc5 Re1+
41. Kh2 Re2 42. Kg3 h5 43. Na7 Rg8 44. Rxc7 Rc2 45. Nc6 h4+ 46. Kxh4 Rxf2 47. g4
Rf3 48. Kg5 Rxh3 49. Rf7 Rc8 50. Ne7 Rc7 51. Rf2 Be4 52. Rb2 Bd3 53. Rf2 Rd7 54.
Rf7 Rh2 55. Rf4 Rd8 56. Nc6 Ra8 57. Ne7 Ra6 58. Bb4 Be2 59. Ng6 Rg2 60. Nf8+ Kg8
61. Ng6 Ra8 62. Ne7+ Kh7 63. Bc5 Rf8 64. Rxf8 Rxg4+ 65. Kh5 Rxd4+ 66. Kg5 Rg4+
67. Kh5 Rf4+ 0-1

[Event "1st Grand Europe Open"]
[Site "Golden Sands BUL"]
[Date "2012.06.09"]
[Round "6.30"]
[White "Salem, A.R. Saleh"]
[Black "Snuverink, Jochem"]
[Result "1-0"]
[WhiteTitle "GM"]
[WhiteElo "2528"]
[BlackElo "2354"]
[WhiteFideId "9301348"]
[BlackFideId "1005642"]
[EventDate "2012.06.04"]
[EventType "swiss"]

1. d4 Nf6 2. c4 e6 3. Nc3 Bb4 4. e3 O-O 5. Bd3 d5 6. Nf3 c5 7. O-O dxc4 8. Bxc4
b6 9. a3 Bxc3 10. bxc3 Qc7 11. Bd3 Bb7 12. Re1 Be4 13. c4 Bxd3 14. Qxd3 Nc6 15.
Bb2 cxd4 16. exd4 Na5 17. Rac1 Rfd8 18. d5 exd5 19. Bxf6 gxf6 20. cxd5 Qd6 21.
Nh4 Re8 22. Nf5 Qf4 23. g3 Rxe1+ 24. Rxe1 Qc4 25. Qe3 Qc5 26. Qh6 Qf8 27. Qxf6 1-0

[Event "1st Grand Europe Open"]
[Site "Golden Sands BUL"]
[Date "2012.06.09"]
[Round "6.31"]
[White "Chirila, Ioan-Cristian"]
[Black "Dimitrov, Atanas"]
[Result "1/2-1/2"]
[WhiteTitle "GM"]
[BlackTitle "IM"]
[WhiteElo "2521"]
[BlackElo "2339"]
[WhiteFideId "1211668"]
[BlackFideId "2901315"]
[EventDate "2012.06.04"]
[EventType "swiss"]

1. d4 Nf6 2. c4 e6 3. Nf3 d5 4. Nc3 Be7 5. Bg5 O-O 6. e3 h6 7. Bh4 Ne4 8. Bxe7
Qxe7 9. Rc1 c6 10. h4 Nd7 11. g4 Nxc3 12. Rxc3 e5 13. cxd5 cxd5 14. g5 e4 15.
Ne5 Nxe5 16. dxe5 Qxe5 17. Rg1 Kh8 18. Qh5 f6 19. Qe2 Bd7 20. gxh6 gxh6 21. Qc2
Rac8 22. f4 exf3 23. Qg6 f2+ 24. Kxf2 Qf5+ 25. Ke1 Qxg6 26. Rxg6 Rxc3 27. bxc3
Bf5 28. Rg2 Re8 29. Kd2 Be4 30. Rf2 Kg7 31. Bd3 Kf7 32. Rf4 Rg8 33. Bxe4 dxe4
34. a4 Re8 35. c4 Re5 36. Kc3 f5 37. Rf2 Kg6 38. Rg2+ Kf6 39. Rd2 Ke7 40. Rg2
Kf7 41. Rd2 Re7 42. Rd6 f4 43. Kd2 f3 44. Ke1 Rc7 45. Rd4 Re7 46. Rd6 Rc7 47.
Rd4 Re7 1/2-1/2

[Event "1st Grand Europe Open"]
[Site "Golden Sands BUL"]
[Date "2012.06.09"]
[Round "6.34"]
[White "Bernadskiy, Vitaliy"]
[Black "Dimitrov, Pavel"]
[Result "1-0"]
[WhiteTitle "IM"]
[BlackTitle "IM"]
[WhiteElo "2473"]
[BlackElo "2323"]
[WhiteFideId "14100371"]
[BlackFideId "2907470"]
[EventDate "2012.06.04"]
[EventType "swiss"]

1. d4 Nf6 2. c4 e5 3. dxe5 Ng4 4. Nf3 Bc5 5. e3 Nc6 6. Bd2 Ngxe5 7. Nxe5 Nxe5 8.
Be2 O-O 9. O-O Qh4 10. Bc3 Re8 11. Nd2 Bd6 12. c5 Bxc5 13. Bxe5 Rxe5 14. Nf3 Qf6
15. Nxe5 Qxe5 16. Rc1 Bf8 17. e4 c6 18. Bc4 Qxb2 19. Qh5 g6 20. Qf3 Qg7 21. e5
b5 22. Bxb5 Qxe5 23. Bd3 Rb8 24. Rfe1 Qg5 25. h4 Qd8 26. Qg3 Rb4 27. h5 g5 28.
Qe5 h6 29. a3 Rf4 30. g3 Ra4 31. Bc2 Ra5 32. Qe4 f5 33. Qc4+ d5 34. Qxc6 Ra6 35.
Qa8 Rd6 36. Bd3 Qa5 37. Qxc8 Rf6 38. Re6 1-0

[Event "1st Grand Europe Open"]
[Site "Golden Sands BUL"]
[Date "2012.06.09"]
[Round "6.35"]
[White "Nikolova, Adriana"]
[Black "Solozhenkin, Evgeniy"]
[Result "0-1"]
[WhiteTitle "WGM"]
[BlackTitle "GM"]
[WhiteElo "2345"]
[BlackElo "2472"]
[WhiteFideId "2908689"]
[BlackFideId "4102266"]
[EventDate "2012.06.04"]
[EventType "swiss"]

1. e4 e5 2. Nf3 Nc6 3. Bb5 a6 4. Ba4 Nf6 5. O-O Be7 6. Re1 b5 7. Bb3 d6 8. c3
O-O 9. h3 Re8 10. d4 Bb7 11. Nbd2 Bf8 12. Bc2 g6 13. d5 Nb8 14. b3 c6 15. c4
Nbd7 16. Nf1 Qc7 17. Be3 Rec8 18. Rc1 bxc4 19. bxc4 a5 20. g4 Ba6 21. Bd3 h5 22.
N3h2 Qd8 23. Rb1 cxd5 24. cxd5 Bxd3 25. Qxd3 Nc5 26. Bxc5 Rxc5 27. Qe3 Rac8 28.
Rb3 Rc2 29. a3 a4 30. Rd3 Qa5 31. Red1 Qc5 32. Qf3 hxg4 33. hxg4 Nh7 34. R1d2
Rc4 35. Ng3 Bh6 36. Rd1 Bf4 37. Nhf1 Ng5 38. Qg2 Rc3 39. Nh2 Qxa3 40. Rxc3 Rxc3
41. Ne2 Bxh2+ 42. Kxh2 Rh3+ 43. Kg1 Nf3+ 44. Kf1 Rh2 0-1

[Event "1st Grand Europe Open"]
[Site "Golden Sands BUL"]
[Date "2012.06.09"]
[Round "6.36"]
[White "Gabuzyan, Hovhannes"]
[Black "Omar, Noaman"]
[Result "1/2-1/2"]
[WhiteTitle "IM"]
[BlackTitle "FM"]
[WhiteElo "2457"]
[BlackElo "2322"]
[WhiteFideId "13303732"]
[BlackFideId "9300244"]
[EventDate "2012.06.04"]
[EventType "swiss"]

1. e4 c6 2. Nf3 d5 3. Nc3 Bg4 4. h3 Bh5 5. d4 e6 6. Bd3 Nf6 7. e5 Nfd7 8. Be3 c5
9. dxc5 Nc6 10. g4 Bg6 11. Bxg6 hxg6 12. Qe2 Bxc5 13. O-O-O Bxe3+ 14. Qxe3 Nb6
15. b3 Qe7 16. Nb5 Nc8 17. Kb2 a6 18. Nc3 Qc7 19. h4 Nb6 20. h5 O-O-O 21. Qg5
Rh6 22. Ne2 Nd7 23. Nf4 Ndxe5 24. Nxe5 Qxe5+ 25. Qxe5 Nxe5 26. g5 Rhh8 27. Rhe1
Nf3 28. Re3 Nxg5 29. hxg6 Rh4 30. Ne2 f6 31. f4 Ne4 32. Rd4 e5 33. fxe5 fxe5 34.
Rd1 Rg4 1/2-1/2

[Event "1st Grand Europe Open"]
[Site "Golden Sands BUL"]
[Date "2012.06.09"]
[Round "6.37"]
[White "Voiska, Margarita"]
[Black "Blomqvist, Erik"]
[Result "1/2-1/2"]
[WhiteTitle "WGM"]
[BlackTitle "IM"]
[WhiteElo "2301"]
[BlackElo "2454"]
[WhiteFideId "2900602"]
[BlackFideId "1709437"]
[EventDate "2012.06.04"]
[EventType "swiss"]

1. d4 d5 2. c4 c6 3. e3 Nf6 4. Nf3 Bf5 5. Bd3 Bxd3 6. Qxd3 e6 7. O-O Nbd7 8.
Nbd2 Be7 9. Rd1 O-O 10. e4 dxe4 11. Nxe4 Nxe4 12. Qxe4 a5 13. Bf4 a4 14. Ne5
Nxe5 15. Bxe5 Re8 16. Rd3 Bf6 17. Rad1 Qe7 18. Qf4 Rad8 19. Bxf6 Qxf6 20. Qxf6
gxf6 21. Kf1 Rd7 22. Ke2 Red8 23. Ke3 Kf8 24. Ke4 f5+ 25. Ke3 Ke7 26. b3 axb3
27. axb3 Ra8 28. f4 Ra5 29. Ke2 Rd8 30. R1d2 Ra3 31. d5 c5 32. dxe6 Rxd3 33.
Rxd3 Kxe6 1/2-1/2

[Event "1st Grand Europe Open"]
[Site "Golden Sands BUL"]
[Date "2012.06.09"]
[Round "6.38"]
[White "Qashashvili, Alexandre"]
[Black "Thejkumar, M. S."]
[Result "1-0"]
[WhiteTitle "IM"]
[BlackTitle "IM"]
[WhiteElo "2299"]
[BlackElo "2450"]
[WhiteFideId "13600842"]
[BlackFideId "5009154"]
[EventDate "2012.06.04"]
[EventType "swiss"]

1. e4 c6 2. d4 d5 3. Nc3 dxe4 4. Nxe4 Nf6 5. Ng5 Bf5 6. Bc4 e6 7. Ne2 h6 8. Nf3
Nbd7 9. Bf4 Be7 10. O-O O-O 11. Bb3 c5 12. h3 Be4 13. Ne5 cxd4 14. Nxd4 Nxe5 15.
Bxe5 Qa5 16. f4 Qb6 17. Qe2 Bd5 18. c4 Bc6 19. Kh2 Nd7 20. Nxc6 Qxc6 21. Bd4 Bf6
22. Rad1 Rad8 23. Bc2 Rfe8 24. b3 Qc7 25. Kh1 b6 26. Qe4 Bxd4 27. Qxd4 Nf6 28.
Qe3 Qc5 29. Qc3 b5 30. Qe5 Qa3 31. Rxd8 Rxd8 32. Qc7 Rd2 33. cxb5 g6 34. Qc3 Qd6
35. Qxf6 Rxc2 36. a4 Qd5 37. Rg1 Rd2 38. Qe5 Qxb3 39. Qb8+ Kg7 40. Qxa7 g5 41.
fxg5 hxg5 42. Rf1 e5 43. Qe7 1-0

[Event "1st Grand Europe Open"]
[Site "Golden Sands BUL"]
[Date "2012.06.09"]
[Round "6.39"]
[White "Argiroudis, Stamatis"]
[Black "Rathnakaran, K."]
[Result "1-0"]
[BlackTitle "IM"]
[WhiteElo "2294"]
[BlackElo "2441"]
[WhiteFideId "4202210"]
[BlackFideId "5005507"]
[EventDate "2012.06.04"]
[EventType "swiss"]

1. d4 Nf6 2. Nf3 g6 3. c4 Bg7 4. Nc3 O-O 5. Bg5 c5 6. d5 d6 7. e3 Bg4 8. Be2
Nbd7 9. O-O a6 10. Qb3 Rb8 11. a4 Ne8 12. h3 Bxf3 13. Bxf3 h6 14. Bf4 g5 15. Bh2
f5 16. Be2 Nc7 17. f4 gxf4 18. exf4 e6 19. Bf3 Kh8 20. Rad1 exd5 21. Bxd5 Nxd5
22. Nxd5 Nf6 23. Nxf6 Qxf6 24. Rd2 Qe6 25. Qd3 b5 26. axb5 axb5 27. cxb5 Rf6 28.
b3 Qe8 29. Bg3 Qxb5 30. Bh4 Qxd3 31. Rxd3 Re6 32. Rfd1 Bf8 33. Kf2 Re4 34. Kf3
Rbb4 35. g3 Kg7 36. Re3 Rxe3+ 37. Kxe3 Rxb3+ 1-0

[Event "1st Grand Europe Open"]
[Site "Golden Sands BUL"]
[Date "2012.06.09"]
[Round "6.41"]
[White "Georgiev, Krum"]
[Black "Furman, Boris"]
[Result "1-0"]
[WhiteTitle "GM"]
[BlackTitle "FM"]
[WhiteElo "2421"]
[BlackElo "2285"]
[WhiteFideId "2900092"]
[BlackFideId "4107187"]
[EventDate "2012.06.04"]
[EventType "swiss"]

1. e4 c5 2. Nf3 Nc6 3. Bb5 g6 4. O-O Bg7 5. c3 Nf6 6. Re1 O-O 7. h3 Qb6 8. Ba4
d5 9. e5 Ne8 10. d4 cxd4 11. cxd4 Nc7 12. Nc3 Bf5 13. Bb3 Rad8 14. Bg5 h6 15.
Be3 Na5 16. Qc1 Nxb3 17. axb3 Ne6 18. Bxh6 Nxd4 19. Nxd4 Qxd4 20. Ra4 Qb6 21.
Rh4 g5 22. Qxg5 Qg6 23. Qd2 d4 24. Ne2 Bxe5 25. Bxf8 Kxf8 26. Nxd4 Rxd4 27. Rxd4
Bxh3 28. Rd8+ Kg7 29. Qd5 Bc7 30. Re8 e6 31. Qf3 1-0

[Event "1st Grand Europe Open"]
[Site "Golden Sands BUL"]
[Date "2012.06.09"]
[Round "6.43"]
[White "AlHuwar, Jasem"]
[Black "Foisor, Cristina-Adela"]
[Result "0-1"]
[WhiteTitle "FM"]
[BlackTitle "IM"]
[WhiteElo "2270"]
[BlackElo "2417"]
[WhiteFideId "9300465"]
[BlackFideId "1200496"]
[EventDate "2012.06.04"]
[EventType "swiss"]

1. Nf3 g6 2. g3 c5 3. Bg2 Bg7 4. d4 cxd4 5. Nxd4 Nc6 6. Nxc6 bxc6 7. O-O Rb8 8.
c3 Nf6 9. Qa4 Qc7 10. Nd2 O-O 11. Nc4 Nd5 12. e4 Nb6 13. Nxb6 Rxb6 14. Qc2 c5
15. Be3 d6 16. Rfd1 a5 17. Rab1 Bg4 18. f3 Be6 19. Qa4 Rfb8 20. Qa3 h5 21. Rd2
a4 22. Re1 Qb7 23. Rb1 Qa6 24. Bf1 Bc4 25. Bxc4 Qxc4 26. Re1 Kh7 27. Bg5 R8b7
28. Ree2 e6 29. Kg2 Rd7 30. Be3 Bf8 31. Rc2 Be7 32. Red2 Rdb7 33. Bf4 g5 34. Be3
g4 35. Re2 Rb8 36. Bf2 gxf3+ 37. Kxf3 Rg8 38. Rcd2 Rbb8 39. Kg2 Bg5 40. Rc2 e5
41. b3 axb3 42. axb3 Rxb3 43. Qa7 Rg7 44. Qd7 Qe6 45. Qc6 h4 46. gxh4 Bxh4+ 47.
Bg3 Bxg3 48. hxg3 Qg4 49. Re3 Qd1 50. Rce2 Rb1 51. Re1 Rb2+ 52. Kf1 Qh5 0-1

[Event "1st Grand Europe Open"]
[Site "Golden Sands BUL"]
[Date "2012.06.09"]
[Round "6.44"]
[White "Velikov, Petar"]
[Black "Kigel, Dmytro"]
[Result "1-0"]
[WhiteTitle "GM"]
[BlackTitle "FM"]
[WhiteElo "2416"]
[BlackElo "2233"]
[WhiteFideId "2900149"]
[BlackFideId "14117932"]
[EventDate "2012.06.04"]
[EventType "swiss"]

1. g3 c5 2. c4 g6 3. Bg2 Bg7 4. Nc3 Nc6 5. e3 e5 6. Nge2 Nge7 7. d3 d6 8. h3 h5
9. Nd5 h4 10. g4 f5 11. Nec3 fxg4 12. hxg4 Be6 13. Be4 Qd7 14. f3 Nf5 15. Nb5
O-O 16. Nbc7 Ng3 17. Rxh4 Nxe4 18. dxe4 Rac8 19. Nxe6 Qxe6 20. Bd2 Ne7 21. Nxe7+
Qxe7 22. Rh3 b5 23. cxb5 d5 24. Qc2 c4 25. exd5 e4 26. fxe4 c3 27. bxc3 Be5 28.
Qb3 Qf6 29. O-O-O Bxc3 30. Rdh1 Be5+ 31. Kb1 Qf1+ 32. Be1 Qe2 33. d6+ Rc4 34. d7
a5 35. bxa6 Rb8 36. Rh8+ Kg7 37. Rxb8 1-0

[Event "1st Grand Europe Open"]
[Site "Golden Sands BUL"]
[Date "2012.06.09"]
[Round "6.45"]
[White "Vaarala, Eric"]
[Black "Mladenov, Svetlin"]
[Result "1/2-1/2"]
[WhiteElo "2249"]
[BlackElo "2413"]
[WhiteFideId "1711962"]
[BlackFideId "2906023"]
[EventDate "2012.06.04"]
[EventType "swiss"]

1. c4 g6 2. Nc3 Bg7 3. g3 c5 4. Bg2 Nc6 5. Nf3 e6 6. e4 d6 7. O-O Nge7 8. d3 O-O
9. Ne1 b6 10. Be3 Bb7 11. Qd2 Qd7 12. Nc2 Nd4 13. Rac1 Rad8 14. Bh6 e5 15. Bxg7
Kxg7 16. Nxd4 cxd4 17. Nd5 Rc8 18. f4 f5 19. fxe5 dxe5 20. Nxe7 Qxe7 21. exf5
Bxg2 22. f6+ Rxf6 23. Rxf6 Qxf6 24. Qxg2 Qc6 1/2-1/2

[Event "1st Grand Europe Open"]
[Site "Golden Sands BUL"]
[Date "2012.06.09"]
[Round "6.46"]
[White "Kanmazalp, Ogulcan"]
[Black "Janchev, Petar"]
[Result "1/2-1/2"]
[WhiteTitle "IM"]
[WhiteElo "2379"]
[BlackElo "2143"]
[WhiteFideId "6304990"]
[BlackFideId "2903016"]
[EventDate "2012.06.04"]
[EventType "swiss"]

1. Nf3 d6 2. d4 Bg4 3. Nbd2 Nd7 4. h3 Bh5 5. g4 Bg6 6. Bg2 c6 7. e4 e5 8. c3 Be7
9. h4 h6 10. Qe2 Qc7 11. h5 Bh7 12. Nf1 Nf8 13. Ng3 Ne6 14. Bh3 Bf6 15. g5 Nxg5
16. Nxg5 hxg5 17. Be3 Nh6 18. O-O-O O-O 19. d5 Qa5 20. a3 c5 21. Qd2 b5 22. f3
Rab8 23. Bd7 b4 24. cxb4 cxb4 25. a4 Rfc8+ 26. Kb1 Rc7 27. Bc6 Kh8 28. b3 Bd8
29. Nf1 f6 30. Qe2 Rxc6 31. dxc6 d5 32. Ka2 d4 33. Bf2 Bg8 34. Kb2 Be7 35. Nd2
Qc7 36. Rc1 Rb6 37. Rc2 Be6 38. Rhc1 Kh7 39. Qd3 Bf7 40. Bg3 Bd6 41. a5 Rb8 42.
Ra1 g4 43. f4 Kh8 44. fxe5 Bxe5 45. Bxe5 Qxe5 46. c7 Rc8 47. Nc4 Bxc4 48. Rxc4
Rxc7 49. Rxc7 Qxc7 50. Rc1 Qe5 51. Rd1 g3 52. Qxd4 Qxh5 53. Qd8+ Kh7 54. Qd7
Qe5+ 55. Kb1 g2 56. Qf5+ 1/2-1/2

[Event "1st Grand Europe Open"]
[Site "Golden Sands BUL"]
[Date "2012.06.09"]
[Round "6.47"]
[White "Manea, Alexandru"]
[Black "Matviyishen, Viktor"]
[Result "1-0"]
[WhiteTitle "IM"]
[WhiteElo "2375"]
[BlackElo "1848"]
[WhiteFideId "1207660"]
[BlackFideId "14129850"]
[EventDate "2012.06.04"]
[EventType "swiss"]

1. d4 d5 2. c4 dxc4 3. Nf3 Nf6 4. Nc3 a6 5. a4 Nc6 6. e4 Na5 7. Ne5 e6 8. Nxc4
Nxc4 9. Bxc4 c5 10. d5 e5 11. a5 Bd6 12. Bd2 Bd7 13. O-O h6 14. Qc2 Nh5 15. Na4
O-O 16. Nb6 Rb8 17. Rfe1 Re8 18. Be3 Nf4 19. Bf1 Bg4 20. f3 Bh5 21. Qf2 f5 22.
exf5 e4 23. g3 Qg5 24. Nc4 exf3 25. Nxd6 Ne2+ 26. Rxe2 Qf6 27. Nxe8 1-0

[Event "1st Grand Europe Open"]
[Site "Golden Sands BUL"]
[Date "2012.06.09"]
[Round "6.48"]
[White "Qiu, Mengjie"]
[Black "Erturan, Yakup"]
[Result "0-1"]
[BlackTitle "IM"]
[WhiteElo "1982"]
[BlackElo "2370"]
[WhiteFideId "8606137"]
[BlackFideId "6301410"]
[EventDate "2012.06.04"]
[EventType "swiss"]

1. e4 c5 2. Nf3 Nc6 3. d4 cxd4 4. Nxd4 Qb6 5. Nb3 e6 6. a3 Nf6 7. Nc3 Be7 8. Be3
Qc7 9. Be2 O-O 10. O-O a6 11. f4 d6 12. Bf3 b5 13. Qe1 Bb7 14. Qf2 Nd7 15. Rad1
b4 16. axb4 Nxb4 17. Rd4 a5 18. Rfd1 Bc6 19. R4d2 e5 20. Nd5 Nxd5 21. exd5 Ba4
22. Nc1 Bb5 23. Nd3 Bxd3 24. Rxd3 exf4 25. Bxf4 Bf6 26. c3 Be5 27. Bxe5 Nxe5 28.
Rd4 Rfb8 29. Rh4 Rb7 30. Be4 g6 31. Rb1 Rab8 32. Rh3 Qb6 33. Qxb6 Rxb6 34. Ra1
Rxb2 35. Rxa5 Re2 36. Ra4 f5 0-1

[Event "1st Grand Europe Open"]
[Site "Golden Sands BUL"]
[Date "2012.06.09"]
[Round "6.49"]
[White "Al-Sayed, Mohammed"]
[Black "Dogan, Mire Deniz"]
[Result "1-0"]
[WhiteTitle "GM"]
[WhiteElo "2525"]
[BlackElo "1754"]
[WhiteFideId "12100196"]
[BlackFideId "6317456"]
[EventDate "2012.06.04"]
[EventType "swiss"]

1. d4 e6 2. c4 b6 3. Nc3 Bb4 4. Qb3 Be7 5. e4 Nc6 6. Nf3 d6 7. d5 Na5 8. Qc2 e5
9. c5 dxc5 10. Bb5+ Bd7 11. Bxd7+ Qxd7 12. Nxe5 Qc8 13. Qa4+ c6 14. Nxc6 Nxc6
15. dxc6 Nf6 16. e5 Qe6 17. O-O Qxe5 18. c7+ Nd7 19. Rd1 Qxc7 20. Nd5 Qb7 21.
Qe4 1-0

[Event "1st Grand Europe Open"]
[Site "Golden Sands BUL"]
[Date "2012.06.09"]
[Round "6.50"]
[White "Foisor, Mihaela-Veronica"]
[Black "Akshat, Khamparia"]
[Result "0-1"]
[WhiteTitle "WFM"]
[BlackTitle "IM"]
[WhiteElo "2244"]
[BlackElo "2400"]
[WhiteFideId "2270757"]
[BlackFideId "5016541"]
[EventDate "2012.06.04"]
[EventType "swiss"]

1. c4 g6 2. Nc3 Bg7 3. g3 c5 4. Bg2 Nc6 5. d3 d6 6. e4 Nf6 7. Nge2 Nd7 8. a3 Nf8
9. Rb1 a5 10. Be3 Ne6 11. Nb5 Ned4 12. Nbxd4 cxd4 13. Bd2 O-O 14. O-O Bd7 15.
Qc2 Rb8 16. f4 b5 17. b4 axb4 18. axb4 bxc4 19. dxc4 Qb6 20. Qd3 Ra8 21. Rfc1 e5
22. Kh1 Rfc8 23. c5 dxc5 24. bxc5 Qc7 25. fxe5 Nxe5 26. Qxd4 Ra2 27. Rd1 Qxc5
28. Qxc5 Rxc5 29. Rb8+ Rc8 30. Rxc8+ Bxc8 31. Bf4 Rxe2 32. Rd8+ Bf8 33. Bxe5
Re1+ 34. Bf1 Bh3 0-1

[Event "1st Grand Europe Open"]
[Site "Golden Sands BUL"]
[Date "2012.06.09"]
[Round "6.51"]
[White "Mollov, Ergin"]
[Black "Velcheva, Maria"]
[Result "1/2-1/2"]
[WhiteTitle "IM"]
[BlackTitle "WGM"]
[WhiteElo "2394"]
[BlackElo "2269"]
[WhiteFideId "2900343"]
[BlackFideId "2903210"]
[EventDate "2012.06.04"]
[EventType "swiss"]

1. Nc3 e5 2. Nf3 Nc6 3. e4 Bc5 4. Nxe5 Nxe5 5. d4 Bd6 6. dxe5 Bxe5 7. Bd3 d6 8.
Bd2 Nf6 9. Qe2 O-O 10. O-O-O c6 11. h3 b5 12. f4 Bd4 13. Qf3 Qa5 14. e5 b4 15.
exf6 bxc3 16. Bxc3 Bxc3 17. bxc3 g6 18. Kd2 Bf5 19. g4 Bxd3 20. Qxd3 d5 21. Rhe1
d4 22. Ke2 dxc3 23. Qc4 Rab8 24. Kf3 h6 25. Rd7 Rbd8 26. Ree7 Rxd7 27. Rxd7 Qb6
28. Qxc3 Qb1 29. Kg2 Qxa2 30. f5 gxf5 31. Qxc6 fxg4 32. hxg4 a5 33. g5 Qe6 34.
Qxe6 fxe6 35. Rg7+ Kh8 36. Rg6 hxg5 37. Kf3 1/2-1/2

[Event "1st Grand Europe Open"]
[Site "Golden Sands BUL"]
[Date "2012.06.09"]
[Round "6.52"]
[White "Abdulla, Khayala"]
[Black "Mammadov, Zaur"]
[Result "1/2-1/2"]
[WhiteTitle "WIM"]
[BlackTitle "IM"]
[WhiteElo "2216"]
[BlackElo "2393"]
[WhiteFideId "13401807"]
[BlackFideId "13401033"]
[EventDate "2012.06.04"]
[EventType "swiss"]

1. e4 c6 2. d4 d5 3. Nc3 dxe4 4. Nxe4 Nf6 5. Nxf6+ exf6 6. c3 Bd6 7. Bd3 O-O 8.
Qc2 h6 9. Ne2 Qc7 10. Be3 Be6 11. Qd2 Re8 12. Bxh6 gxh6 13. Qxh6 f5 14. g4 Bf8
15. Qh5 Bd5 16. gxf5 Qf4 17. Rg1+ Bg7 18. Kf1 Rxe2 19. Bxe2 Nd7 20. Rg4 Qd6 21.
c4 Be4 22. f3 Bc2 23. Rc1 Ba4 24. b3 Kf8 25. Qg5 Bh6 26. Qg8+ Ke7 27. Qxa8 Qxh2
28. Re4+ Kd6 29. Qg8 Qh1+ 30. Qg1 Qxg1+ 31. Kxg1 Bxc1 32. bxa4 Nf6 33. c5+ Kd7
34. Kf2 Nxe4+ 35. fxe4 Bb2 36. Ke3 f6 37. Kd3 a5 38. Kc4 Ke7 39. Bd1 Kd7 40. Kd3
Kc7 41. Bb3 Kd7 42. Be6+ Kd8 43. Bf7 Ke7 44. Bg6 Kd7 45. Bh5 Ke7 46. Kc4 Kd7 47.
Bf3 Ba1 48. e5 fxe5 49. d5 Bb2 50. Be4 Bc1 51. f6 Bg5 52. Bf5+ Kd8 53. f7 cxd5+
54. Kxd5 Ke7 55. Bc8 Kxf7 56. Bxb7 Ke7 57. Kc6 Be3 58. Kb5 Kd8 59. Be4 Kc7 60.
c6 Bd2 61. Kc4 Be1 1/2-1/2

[Event "1st Grand Europe Open"]
[Site "Golden Sands BUL"]
[Date "2012.06.09"]
[Round "6.53"]
[White "Nezad, Husein Aziz"]
[Black "Yakimenko, Alexander A."]
[Result "1-0"]
[WhiteTitle "IM"]
[WhiteElo "2393"]
[BlackElo "2220"]
[WhiteFideId "12100293"]
[BlackFideId "24141917"]
[EventDate "2012.06.04"]
[EventType "swiss"]

1. d4 e6 2. c4 Nf6 3. Nc3 Bb4 4. Qc2 O-O 5. a3 Bxc3+ 6. Qxc3 b6 7. Bg5 Bb7 8. e3
d6 9. Ne2 Nbd7 10. Qc2 h6 11. Bh4 Be4 12. Qd2 a5 13. Nc3 Qc8 14. f3 Bh7 15. e4
e5 16. dxe5 dxe5 17. Rd1 Re8 18. Be2 g5 19. Bf2 Kg7 20. h4 g4 21. fxg4 Nf8 22.
g5 Nxe4 23. gxh6+ Kh8 24. Nxe4 Bxe4 25. Qg5 Ne6 26. Qxe5+ f6 27. Qxf6+ Kg8 28.
Rh3 1-0

[Event "1st Grand Europe Open"]
[Site "Golden Sands BUL"]
[Date "2012.06.09"]
[Round "6.54"]
[White "Stamnov, Aleksander"]
[Black "Carmaciu, Lucian-Catalin"]
[Result "0-1"]
[WhiteTitle "FM"]
[BlackTitle "IM"]
[WhiteElo "2191"]
[BlackElo "2388"]
[WhiteFideId "15000664"]
[BlackFideId "1209353"]
[EventDate "2012.06.04"]
[EventType "swiss"]

1. e4 d6 2. d4 c6 3. Nc3 Qc7 4. f4 e5 5. fxe5 dxe5 6. dxe5 Qxe5 7. Nf3 Qc5 8.
Bd3 Bg4 9. Qe2 Nd7 10. Be3 Qa5 11. h3 Bh5 12. g4 Bg6 13. Nd4 Ne5 14. Nb3 Qc7 15.
O-O-O Nf6 16. Kb1 Bb4 17. Bd2 Qe7 18. a3 Bd6 19. Be3 Nfd7 20. Qf2 b5 21. Ne2 O-O
22. Ng3 Nc4 23. Bc1 Qh4 24. Rhg1 Ndb6 25. Nd2 Rab8 26. Nf3 Qe7 27. Nf5 Bxf5 28.
gxf5 Be5 29. Nd4 Qf6 30. c3 h6 31. Qf3 Rfd8 32. Qh5 Kf8 33. Rg3 Rxd4 34. cxd4
Bxd4 35. Rg2 Ne3 36. Bxe3 Bxe3 37. Bc2 Nc4 38. Bb3 Bd4 39. Rd3 Rb7 40. Ba2 Bxb2
41. Qd1 Rb8 42. Bxc4 Be5 43. Bb3 c5 44. Rd7 c4 45. Bc2 b4 46. Ba4 b3 0-1